00895cam a22002777a 450000100090000000300040000900500170001300800410003001000170007101500190008801600180010702000250012502000220015003500240017204000620019604200140025805000240027208200140029610000290031024500400033926000600037930000440043950400600048360000520054370000220059516177953OSt20170128105537.0100408s2010 enka b 001 0 eng  a 2010926443 aGBB0734502bnb7 a0155787162Uk a9781848220485 (hbk.) a1848220480 (hbk.) a(OCoLC)ocn642289068 aUKMcUKMdERASAdYDXCPdBWKdCDXdDNUdBWXdCLUdIULdDLC alccopycat00aN6797.M43bL36 201004a709.22221 aLambirth, Andrew,d1959-10aMargaret Mellis /cAndrew Lambirth. aFarnham, UK ;aBurlington, VT :bLund Humphries,c2010. a192 p. :bill. (chiefly col.) ;c28 cm. aIncludes bibliographical references (p. 187) and index.10aMellis, MargaretxCriticism and interpretation.1 aMellis, Margaret.